[Event "Titled Tuesday intern op 23rd Jan Late"]
[Site "Chess.com INT"]
[Date "2024.01.23"]
[Round "2"]
[White "Martinez Alcantara, Jose Eduardo"]
[Black "Msellek, Ilyass"]
[Result "1-0"]
[WhiteElo "2610"]
[BlackElo "2406"]
[PlyCount "55"]
[EventDate "2024.01.23"]
[EventType "swiss (blitz)"]
[EventRounds "11"]
[EventCountry "USA"]
[SourceTitle "CB05_2024"]
[SourceDate "2024.01.31"]
[SourceVersion "1"]
[SourceVersionDate "2024.01.31"]
[SourceQuality "1"]

1. e4 Nf6 2. e5 Nd5 3. d4 d6 4. Nf3 g6 5. h3 Bg7 6. exd6 cxd6 7. Be2 0-0 8. 0-0 Nc6 9. c4 Nb6 10. Nc3 Bf5 11. Be3 d5 12. b3 dxc4 13. bxc4 Na5 14. c5 Nd5 15. Qd2 Nxe3 16. fxe3 Nc6 17. Rad1 Bh6 18. Bc4 e5 19. d5 e4 20. dxc6 exf3 21. cxb7 Qxd2 22. Rxd2 Bxe3+ 23. Rdf2 Bxc5 24. bxa8Q Rxa8 25. Nd5 Rc8 26. Bb3 fxg2 27. Kxg2 Bxf2 28. Ne7+ 1-0

[Event "Titled Tuesday intern op 23rd Jan Late"]
[Site "Chess.com INT"]
[Date "2024.01.23"]
[Round "6"]
[White "Msellek, Ilyass"]
[Black "Khakhinov, Ilya"]
[Result "1-0"]
[WhiteElo "2406"]
[BlackElo "2236"]
[PlyCount "69"]
[EventDate "2024.01.23"]
[EventType "swiss (blitz)"]
[EventRounds "11"]
[EventCountry "USA"]
[SourceTitle "CB05_2024"]
[SourceDate "2024.01.31"]
[SourceVersion "1"]
[SourceVersionDate "2024.01.31"]
[SourceQuality "1"]

1. d4 d5 2. Nf3 Nf6 3. e3 e6 4. Bd3 Be7 5. 0-0 0-0 6. b3 c5 7. Bb2 b6 8. Nbd2 Bb7 9. Ne5 Nc6 10. f4 Nxe5 11. fxe5 Ne4 12. Nxe4 dxe4 13. Bc4 Qd7 14. Qe2 a6 15. a4 f5 16. exf6 Bxf6 17. Rad1 Qe7 18. Ba3 Kh8 19. Qh5 Rac8 20. Qg4 Rfe8 21. Qh5 Qc7 22. dxc5 bxc5 23. Rxf6 gxf6 24. Bb2 e5 25. Rf1 Qg7 26. Qh4 Rf8 27. Be6 Rc6 28. Bf5 Rd6 29. Bc3 Bc8 30. Bxe4 Be6 31. Bd3 Bd5 32. Bxe5 fxe5 33. Rxf8+ Bg8 34. Rf3 Rd7 35. Rg3 1-0

[Event "Qatar Masters op"]
[Site "Doha"]
[Date "2023.10.18"]
[Round "7"]
[White "Ostrovskiy, Aleksandr A"]
[Black "Msellek, Ilyass"]
[Result "0-1"]
[WhiteElo "2385"]
[BlackElo "2411"]
[PlyCount "74"]
[EventDate "2023.10.11"]
[EventType "swiss"]
[EventRounds "9"]
[EventCountry "QAT"]
[SourceTitle "Mega2024 Update 01"]
[Source "Chessbase"]
[SourceDate "2023.11.12"]
[SourceVersion "1"]
[SourceVersionDate "2023.11.12"]
[SourceQuality "1"]

1. e4 c5 2. Nf3 e6 3. d4 cxd4 4. Nxd4 Nf6 5. Nc3 Nc6 6. Ndb5 d6 7. Bf4 e5 8. Bg5 a6 9. Na3 b5 10. Nab1 Be7 11. Bxf6 Bxf6 12. a4 b4 13. Nd5 Be6 14. Bc4 0-0 15. 0-0 Bg5 16. Qd3 a5 17. c3 Rc8 18. Rd1 bxc3 19. bxc3 Ne7 20. Nxe7+ Qxe7 21. Na3 Rfd8 22. Bxe6 fxe6 23. Nb5 Rd7 24. Qe2 d5 25. Rd3 Rcd8 26. Rad1 Bf6 27. g3 Qc5 28. Qg4 Qc6 29. h4 h6 30. h5 Kh8 31. Kh2 Qc5 32. Kg1 Qc4 33. Qxe6 Qxe4 34. Qc6 Qe2 35. Nc7 e4 36. R3d2 Qf3 37. Qc5 e3 0-1

[Event "Casablanca Mohammed op 4th"]
[Site "Casablanca"]
[Date "2023.08.18"]
[Round "7"]
[White "Msellek, Ilyass"]
[Black "Quintiliano Pinto, Renato Rodrigues"]
[Result "1/2-1/2"]
[WhiteElo "2420"]
[BlackElo "2515"]
[PlyCount "102"]
[EventDate "2023.08.14"]
[EventType "swiss"]
[EventRounds "9"]
[EventCountry "MAR"]
[SourceTitle "CBM 215 Extra"]
[Source "ChessBase"]
[SourceDate "2023.09.30"]
[SourceVersion "1"]
[SourceVersionDate "2023.09.30"]
[SourceQuality "1"]

1. e4 c5 2. Nf3 d6 3. Bb5+ Bd7 4. Bxd7+ Qxd7 5. 0-0 Nf6 6. Re1 Nc6 7. c3 e6 8. d4 cxd4 9. cxd4 d5 10. e5 Ne4 11. a3 Be7 12. Qd3 0-0 13. Nbd2 Nxd2 14. Bxd2 h6 15. h4 f5 16. exf6 Rxf6 17. b4 a6 18. Rab1 Raf8 19. Re3 Bd6 20. a4 Qf7 21. Be1 Rf4 22. b5 axb5 23. Rxb5 Rg4 24. a5 Bf4 25. Re2 Bb8 26. Re3 Bf4 27. Re2 Bb8 28. Re3 Qd7 29. Bc3 Ba7 30. Qe2 Rg6 31. Qd3 Rg4 32. Qe2 Qf7 33. Kf1 Rg6 34. Qb2 Qf5 35. Rxb7 Qg4 36. Rc7 Qxg2+ 37. Ke2 e5 38. Qb5 exd4 39. Qxd5+ Kh8 40. Rxg7 dxc3 41. Rxg6 Qxg6 42. Rxc3 Re8+ 43. Kf1 Qb1+ 44. Kg2 Rg8+ 45. Ng5 Qe1 46. Rxc6 Qxf2+ 47. Kh3 Qf1+ 48. Kg4 Qe2+ 49. Kh3 Qf1+ 50. Kg4 Qe2+ 51. Kh3 Qf1+ 1/2-1/2

[Event "Casablanca Mohammed op 4th"]
[Site "Casablanca"]
[Date "2023.08.15"]
[Round "2"]
[White "Dubreuil, Nicolas"]
[Black "Msellek, Ilyass"]
[Result "0-1"]
[WhiteElo "2159"]
[BlackElo "2420"]
[PlyCount "64"]
[EventDate "2023.08.14"]
[EventType "swiss"]
[EventRounds "9"]
[EventCountry "MAR"]
[SourceTitle "CBM 215 Extra"]
[Source "ChessBase"]
[SourceDate "2023.09.30"]
[SourceVersion "1"]
[SourceVersionDate "2023.09.30"]
[SourceQuality "1"]

1. e4 d6 2. d4 Nf6 3. Nc3 e5 4. Nf3 Nbd7 5. Bc4 Be7 6. 0-0 0-0 7. Re1 c6 8. a4 b6 9. h3 a6 10. Ba2 Rb8 11. Bg5 b5 12. axb5 axb5 13. b4 Qc7 14. Qd3 Nb6 15. Bxf6 Bxf6 16. d5 Bd7 17. Bb3 Rfc8 18. Ra6 c5 19. bxc5 Qxc5 20. Nd1 Ra8 21. Rxa8 Rxa8 22. Ne3 Bd8 23. Rb1 Na4 24. Nd2 Ba5 25. c4 Nc3 26. Ra1 b4 27. Bc2 Qc8 28. Nf5 Bxf5 29. exf5 Bb6 30. Rxa8 Qxa8 31. Nb3 e4 32. Qg3 Ne2+ 0-1

[Event "CAN Transnational op"]
[Site "Montreal"]
[Date "2023.06.11"]
[Round "8"]
[White "Lee, Alice"]
[Black "Msellek, Ilyass"]
[Result "1/2-1/2"]
[WhiteElo "2390"]
[BlackElo "2405"]
[PlyCount "30"]
[EventDate "2023.06.06"]
[EventType "swiss"]
[EventRounds "9"]
[EventCountry "CAN"]
[SourceTitle "CBM 214 Extra"]
[Source "ChessBase"]
[SourceDate "2023.07.31"]
[SourceVersion "1"]
[SourceVersionDate "2023.07.31"]
[SourceQuality "1"]

1. d4 Nf6 2. c4 g6 3. Nc3 Bg7 4. e4 d6 5. Nf3 0-0 6. Be2 e5 7. 0-0 Bg4 8. Be3 Bxf3 9. Bxf3 exd4 10. Bxd4 Nc6 11. Be3 Re8 12. Rc1 Nd7 13. Qc2 Nd4 14. Bxd4 Bxd4 15. Rfd1 Bg7 1/2-1/2

[Event "Titled Tuesday intern op 02nd May Late"]
[Site "Chess.com INT"]
[Date "2023.05.02"]
[Round "1"]
[White "Msellek, Ilyass"]
[Black "Gabdushev, Ruslan"]
[Result "1-0"]
[WhiteElo "2420"]
[BlackElo "2256"]
[PlyCount "71"]
[EventDate "2023.05.02"]
[EventType "swiss (blitz)"]
[EventRounds "11"]
[EventCountry "USA"]
[SourceTitle "EXT 2024"]
[Source "ChessBase"]
[SourceDate "2023.10.10"]
[SourceVersion "1"]
[SourceVersionDate "2023.10.10"]
[SourceQuality "1"]

1. d4 Nc6 2. d5 Ne5 3. e4 Ng6 4. h4 e5 5. h5 N6e7 6. c4 d6 7. Nc3 g6 8. c5 dxc5 9. Nf3 f6 10. hxg6 Nxg6 11. Bb5+ Bd7 12. Be3 a6 13. Bxd7+ Qxd7 14. a4 Bd6 15. Nd2 f5 16. exf5 Qxf5 17. Nde4 Nf4 18. Bxf4 exf4 19. Rh5 Qg6 20. Rg5 Qh6 21. Qg4 Ne7 22. 0-0-0 Kf7 23. Rh5 Qg6 24. Rg5 Qh6 25. Re1 Rag8 26. Nxd6+ cxd6 27. Qxf4+ Qf6 28. Qxf6+ Kxf6 29. Ne4+ Kf7 30. Nxd6+ Kf8 31. Rge5 Ng6 32. Rf5+ Kg7 33. Rf7+ Kh6 34. Rh1+ Kg5 35. Ne4+ Kg4 36. f3# 1-0

[Event "Titled Tuesday intern op 18th Apr Late"]
[Site "Chess.com INT"]
[Date "2023.04.18"]
[Round "2"]
[White "Msellek, Ilyass"]
[Black "Hoffmann, Asa"]
[Result "0-1"]
[WhiteElo "2420"]
[BlackElo "2185"]
[PlyCount "48"]
[EventDate "2023.04.18"]
[EventType "swiss (blitz)"]
[EventRounds "11"]
[EventCountry "USA"]
[SourceTitle "EXT 2024"]
[Source "ChessBase"]
[SourceDate "2023.10.10"]
[SourceVersion "1"]
[SourceVersionDate "2023.10.10"]
[SourceQuality "1"]

1. Nf3 d6 2. g3 e5 3. Bg2 Nf6 4. 0-0 Be7 5. d3 Be6 6. e4 h6 7. c4 c5 8. Nc3 Qd7 9. Re1 Nc6 10. Nd5 Bg4 11. Be3 Nxd5 12. cxd5 Nd4 13. Bxd4 cxd4 14. a4 0-0 15. Qb3 f5 16. exf5 Bxf3 17. Bxf3 Qxf5 18. Be4 Qxf2+ 19. Kh1 Rac8 20. Rac1 Bg5 21. Rcd1 Rc2 22. Qxc2 Qxc2 23. Rf1 Rf6 24. Rxf6 Qxd1+ 0-1

[Event "Titled Tuesday intern op 7th Mar Early"]
[Site "Chess.com INT"]
[Date "2023.03.07"]
[Round "3"]
[White "Msellek, Ilyass"]
[Black "Hakobyan, Aram"]
[Result "0-1"]
[WhiteElo "2409"]
[BlackElo "2620"]
[PlyCount "58"]
[EventDate "2023.03.07"]
[EventType "swiss (blitz)"]
[EventRounds "11"]
[EventCountry "USA"]
[SourceTitle "EXT 2024"]
[Source "ChessBase"]
[SourceDate "2023.10.10"]
[SourceVersion "1"]
[SourceVersionDate "2023.10.10"]
[SourceQuality "1"]

1. d4 g6 2. Nf3 Bg7 3. Nc3 c5 4. dxc5 Bxc3+ 5. bxc3 Qa5 6. e4 Nf6 7. Bd3 Qxc5 8. 0-0 d6 9. Be3 Qc7 10. c4 Bg4 11. h3 Bxf3 12. Qxf3 Nbd7 13. Qe2 0-0 14. f4 Nc5 15. Bd4 Nfd7 16. f5 Ne5 17. Qe3 f6 18. Qh6 Nf7 19. Qh4 g5 20. Qh5 Nd7 21. h4 Nde5 22. Rae1 g4 23. Rf4 Kh8 24. Be2 Rg8 25. c3 Rg7 26. Kh1 Rag8 27. Kh2 d5 28. Kh1 Nf3 29. Rxg4 Qh2# 0-1

[Event "Titled Tuesday intern op 28th Feb Late"]
[Site "Chess.com INT"]
[Date "2023.02.28"]
[Round "1"]
[White "Msellek, Ilyass"]
[Black "Chan, Kim Yew"]
[Result "1-0"]
[WhiteElo "2406"]
[BlackElo "2351"]
[PlyCount "65"]
[EventDate "2023.02.28"]
[EventType "swiss (blitz)"]
[EventRounds "11"]
[EventCountry "USA"]
[SourceTitle "CBM 213 Extra"]
[Source "ChessBase"]
[SourceDate "2023.05.31"]
[SourceVersion "1"]
[SourceVersionDate "2023.05.31"]
[SourceQuality "1"]

1. d4 Nf6 2. Nf3 d5 3. Bg5 c5 4. e3 e6 5. Nbd2 Bd6 6. Bd3 0-0 7. c3 Nbd7 8. 0-0 h6 9. Bh4 Qc7 10. a4 b6 11. e4 dxe4 12. Nxe4 Nxe4 13. Bxe4 Bb7 14. Bxb7 Qxb7 15. dxc5 Bxc5 16. b4 g5 17. bxc5 gxh4 18. Nxh4 Nxc5 19. Qh5 Kg7 20. c4 Rad8 21. Ra3 Qe4 22. Rg3+ Kh7 23. Rh3 Qf4 24. Nf3 Ne4 25. Rh4 Nf6 26. Ng5+ Kg8 27. Qxh6 Qxh4 28. Qxh4 Kg7 29. Nf3 Nh7 30. Ne5 Rc8 31. Re1 Rfd8 32. h3 Nf8 33. Re3 1-0

[Event "Titled Tuesday intern op 28th Feb Early"]
[Site "Chess.com INT"]
[Date "2023.02.28"]
[Round "3"]
[White "Svane, Rasmus"]
[Black "Msellek, Ilyass"]
[Result "1-0"]
[WhiteElo "2616"]
[BlackElo "2406"]
[PlyCount "107"]
[EventDate "2023.02.28"]
[EventType "swiss (blitz)"]
[EventRounds "11"]
[EventCountry "USA"]
[SourceTitle "CBM 213 Extra"]
[Source "ChessBase"]
[SourceDate "2023.05.31"]
[SourceVersion "1"]
[SourceVersionDate "2023.05.31"]
[SourceQuality "1"]

1. Nf3 d5 2. g3 c6 3. Bg2 Nf6 4. 0-0 g6 5. c4 Bg7 6. b3 0-0 7. Bb2 a5 8. Nc3 Na6 9. Rc1 Bf5 10. cxd5 Nxd5 11. d3 Nab4 12. Qd2 Nxc3 13. Bxc3 Bxc3 14. Rxc3 Qc8 15. Rc4 Qe6 16. a3 Na6 17. Nd4 Qf6 18. Qxa5 Bd7 19. Qc3 Nc7 20. Qb2 Nd5 21. Rb1 h5 22. h4 Bg4 23. a4 Nb6 24. Rc2 Rfd8 25. Nf3 Qe6 26. Qe5 Nd5 27. Qxe6 Bxe6 28. Ne5 Nb4 29. Rcb2 Kg7 30. Nc4 Ra6 31. Bf3 Kf6 32. Kf1 Rd4 33. Nd2 Ra5 34. Be4 Bg4 35. Rc1 e5 36. Rc4 Rxc4 37. Nxc4 Ra8 38. Rb1 Ke6 39. Ke1 f5 40. Bg2 f4 41. gxf4 exf4 42. Nd2 g5 43. hxg5 h4 44. Bf3 Kf5 45. Bxg4+ Kxg4 46. Ne4 h3 47. Kd2 h2 48. g6 Kh3 49. e3 Kg2 50. exf4 Nd5 51. f5 h1Q 52. Rxh1 Kxh1 53. f6 Nxf6 54. Nxf6 1-0